Top 10 meilleurs buteurs de l'Equipe du Portugal - Statistiques

Statistiques générales
  • Ce quiz a été pris 133 fois
  • Le résultat moyen est 5 sur 10
Statistiques - réponses
Classement Nb Sélection Nb Buts Réponse % Correct
1 226 143 Cristiano Ronaldo
100%
3 64 41 Eusébio
88%
4 127 32 Luis Figo
74%
9 112 24 Nani
61%
2 88 47 Pauleta
59%
6 85 28 Bruno Fernandes
47%
8 94 26 Rui Costa
36%
5 79 29 Nuno Gomes
26%
7 71 27 Hélder Postiga
16%
10 81 23 João Pinto
7%
Aucun quiz correspondant
Distribution des résultats
% des personnes avec chaque résultat
Percentile par nombre de réponses
Votre historique - résultats
Vous n’avez pas pris ce quiz